[Event "HUN-chT2 Barcza 1011"]
[Site "Hungary"]
[Date "2011.05.01"]
[Round "10.1"]
[White "Prokopisin, Laszlo"]
[Black "Forgacs, Jozsef"]
[Result "0-1"]
[WhiteElo "2317"]
[BlackElo "2246"]
[PlyCount "68"]
[EventDate "2010.09.12"]
[EventType "team-tourn"]
[EventRounds "11"]
[EventCountry "HUN"]
[SourceTitle "EXT 2012"]
[Source "ChessBase"]
[SourceDate "2011.11.24"]
[SourceVersion "1"]
[SourceVersionDate "2011.11.24"]
[SourceQuality "1"]
[WhiteTeam "Tiszavasvar"]
[BlackTeam "Debrecen Betu"]
[WhiteTeamCountry "HUN"]
[BlackTeamCountry "HUN"]

1. d4 e6 2. Nf3 f5 3. c4 Nf6 4. g3 d5 5. Bg2 c6 6. 0-0 Bd6 7. Qc2 0-0 8. Bf4 Bxf4 9. gxf4 Bd7 10. e3 Be8 11. Nbd2 Ne4 12. Ne5 Nd7 13. Nxd7 Qxd7 14. Nf3 Qe7 15. Ne5 Kh8 16. Bxe4 fxe4 17. f3 exf3 18. Rxf3 c5 19. cxd5 cxd4 20. exd4 exd5 21. Rc1 Qf6 22. Qc5 Bh5 23. Rf2 Qf5 24. Qe7 Rac8 25. Re1 g5 26. Qxb7 gxf4 27. Qxd5 Rg8+ 28. Kh1 Rg7 29. Rg2 Rxg2 30. Qxg2 f3 31. Qf2 Rc2 32. Qh4 f2 33. Qd8+ Kg7 34. Qe7+ Bf7 0-1